Manual del impuestos federales para pequeños negocios en Estados Unidos : (Registro nro. 11394)

Detalles MARC
000 -LIDER
fixed length control field 01773nam a22002657a 4500
001 - NÚMERO DE CONTROL
Identificador de número de control 000498
003 - IDENTIFICACDOR DE NÚMERO DE CONTROL
control field DO-SdBNP
005 - DATE AND TIME OF LATEST TRANSACTION
control field 20240122094906.0
007 - CAMPOS FIJOS DE DESCRIPCIÓN FÍSICA
fixed length control field 000498
008 - ELEMENTOS DE LONGITUD FIJA
fixed length control field 160915b 2006 nyu | 00| 0 spa d
020 ## - ISBN
International Standard Book Number 097853770X
040 ## - FUENTE DE CATALOGACIÓN
Agencia que crea de manera original el registro BPMSU
Idioma de catalogación spa
Agencia que realiza la transcripción BPMSU
082 #4 - NÚMERO DE CLASIFICACIÓN DECIMAL DE DEWEY
Classification number 336.20973
Item number P259m 2006
Edition number 22
100 1# - ASIENTO PRINCIPAL -- NOMBRE PERSONAL
Nombre personal Parra, Luis
245 10 - MENCIÓN DE TITULO
Título Manual del impuestos federales para pequeños negocios en Estados Unidos :
Subtítulo manual práctico en español /
Mención de responsabilidad Parra, Luis Parra ; prólogo Jorge N. Ramírez.
260 ## - PUBLICACIÓN, DISTRIBUCIÓN, ETC. (PIE DE IMPRENTA)
Lugar de publicación, distribución, etc New York, Estados Unidos :
Nombre del editor, distribuidor, etc. G&H Soho,
Fecha de publicación, distribución, etc 2006.
300 ## - DESCRIPCIÓN FÍSICA
Extensión xvi, 186 p. :
Otros detalles físicos il. ;
Dimensiones 23 cm +
Material complementario CD-ROM,
505 0# - NOTA DE CONTENIDO
Texto normalizado de contenido Presentación vii -- Dedicatoria ix -- Acerca del autor xi -- Comentarios al prólogo xv -- Tema 1. Historia y marco legal 3 -- Tema 2. Tipos de negocios y estructuras de los mismos 15 -- Tema 3. Apertura y cierre de un negocio 45 -- Tema 4. Libros y récords 49 -- Tema 5. Ingresos de negocios 55 -- Tema 6. Deducciones, gastos y créditos de Negocios 59 -- Tema 7. Formas usadas para cada tipo de impuesto 85 -- Tema 8. Requisitos de impuestos patronales 97 -- Tema 9. Propinas: retención y declaración 107 -- Tema 10. Impuestos pasa No-Residentes 111 -- Tema 11. Recursos Disponibles 121 -- Tema 12. Organizaciones sin Fines de Lucro (ONG) 125 -- Tema 13. Información sobre los Estados 135 -- Tema 14. Impuestos personales 141 -- Tema 15. Fatca & Fbar 163 -- Tema 16. Disposiciones Tributarias de la Ley del Cuidado de Salud a Bajo Precio (Obama Care) 173.
590 ## - NOTA LOCAL
Texto de la nota local Inventariado, 2024/VM
650 #4 - ENCABEZAMIENTO DE MATERIA--TEMÁTICO
Término temático o nombre geográfico como elemento de entrada Impuestos
Subdivisión geográfica Estados Unidos
Subdivisión de forma Manuales
650 #4 - ENCABEZAMIENTO DE MATERIA--TEMÁTICO
Término temático o nombre geográfico como elemento de entrada impuestos sobre la renta
Subdivisión geográfica Estados Unidos
Subdivisión de forma Manuales
700 1# - ASIENTO SECUNDARIO -- NOMBRE PERSONAL
Nombre personal Ramírez, Jorge N.
Mención de responsabilidad pról.
910 ## - VALIDACIÓN
Validación VMateo V. Control de calidad. BPMSU
942 ## - ADDED ENTRY ELEMENTS (KOHA)
Source of classification or shelving scheme Dewey Decimal Classification
Koha item type Libros
Existencias
Withdrawn status Lost status Source of classification or shelving scheme Damaged status Not for loan Collection code Home library Current library Date acquired Source of acquisition Total Checkouts Full call number Barcode Date last seen Price effective from Koha item type Copy number
    Dewey Decimal Classification     Colección General Biblioteca Pública Metropolitana Salomé Ureña Biblioteca Pública Metropolitana Salomé Ureña 09/15/2016 Donación   BPMSU CG 336.20973 P259m 2006 BPMSU16090314 09/15/2016 09/15/2016 Libros  
    Dewey Decimal Classification     Colección General Biblioteca Pública Metropolitana Salomé Ureña Biblioteca Pública Metropolitana Salomé Ureña 09/15/2016   BPMSU CG 336.20973 P259m 2006 BPMSU16090315 09/15/2016 09/15/2016 Libros e.2